Dobře značená zajížďka : (autobusem na konec světa a pak už jen dvacet minut pěšky) /

Hlavní autor: Rillich, Ivan, 1966-
Jazyk: Čeština
Vydáno: Ve Frymburku : Chrontodont, 2012, 2019
Vydání: Vydání druhé
Témata:
Fyzický popis: 200 stran : ilustrace ; 21 cm
Knihy
Uloženo v:
LEADER 01507cam a2200397 i 4500
001 cpk20223463893
003 CZ PrNK
005 20221202112012.0
007 ta
008 221013s2019 xr a g 000 f cze
015 |a cnb003463893 
020 |a 978-80-903683-7-8  |q (v knize neuvedeno ;  |q vázáno)  |z 978-80-903683-3-0 
035 |a (OCoLC)1357139569 
040 |a ABA001  |b cze  |e rda 
072 7 |a 821.162.3-3  |x Česká próza  |2 Konspekt  |9 25 
080 |a 821.162.3-3  |2 MRF 
080 |a (0:82-321.5)  |2 MRF 
100 1 |a Rillich, Ivan,  |d 1966-  |7 jx20060515016  |4 aut 
245 1 0 |a Dobře značená zajížďka :  |b (autobusem na konec světa a pak už jen dvacet minut pěšky) /  |c Ivan Rillich 
246 3 0 |a Autobusem na konec světa a pak už jen dvacet minut pěšky 
250 |a Vydání druhé 
264 1 |a Ve Frymburku :  |b Chrontodont,  |c 2012, 2019 
300 |a 200 stran :  |b ilustrace ;  |c 21 cm 
336 |a text  |b txt  |2 rdacontent 
337 |a bez média  |b n  |2 rdamedia 
338 |a svazek  |b nc  |2 rdacarrier 
500 |a Na titulní stránce a v tiráži chybně vročení "2012, 2019", na obálce správné vročení 2019 
655 7 |a české prózy  |7 fd133972  |2 czenas 
655 7 |a humoristické prózy  |7 fd132429  |2 czenas 
655 9 |a Czech prose  |2 eczenas 
655 9 |a humorous prose  |2 eczenas 
910 2 |a BOA001  |b 2-1495.854 
990 |a BK 
995 |a 01 
991 |b 202211  |c NOV 
996 6 |b 2610920997  |c 2-1495.854  |l MZK  |r Sklad / do 1 hodiny  |n 0  |p p.v.  |w 001905207  |u 000010  |a 1  |e BOA001  |j MZK50  |s P